| 000 | 00579nam a2200157 a 4500 | ||
|---|---|---|---|
| 008 | 120416s1964 ||||||||||||||||| || u | ||
| 050 | _aTA 683.9 Bel | ||
| 100 | _aBell, Brian J | ||
| 245 | 1 | 0 |
_aPractical prestressed concrete design _cby Brian J. Bell |
| 260 |
_aLondon: _bPitman & Sons Ltd _c1964 |
||
| 300 | _axi, 353p.: ill. | ||
| 350 | _a0.00 | ||
| 650 | _aCONSTRUCTION | ||
| 650 | _aCONCRETE DESIGN--PRESTRESSING | ||
| 995 |
_D0.00 _FCBU-MAIN LIBRARY (Kitwe) _H1 _I4.00 _M1 _UAVAILABLE _ZMain Library Open Access Collection |
||
| 999 |
_c54286 _d54286 |
||